| 000 | 00447nam a2200181Ia 4500 | ||
|---|---|---|---|
| 008 | 131103s9999 xx 000 0 und d | ||
| 020 | _a751518093 | ||
| 040 | _aLoreto College | ||
| 041 | _aEnglish | ||
| 082 |
_aF/THO _bLCBED/12987 |
||
| 100 | _aThomas, Craig | ||
| 245 | 2 |
_aA different war _cCraig Thomas |
|
| 260 |
_aLondon _bWarner _c1997 |
||
| 300 |
_a474p. _c 18cm. |
||
| 650 | _aEnglish fiction | ||
| 850 | _aLCBED/F/THO | ||
| 942 | _cBK | ||
| 999 |
_c33262 _d83741 |
||